| 000 | 00894cam a2200265 4500 | ||
|---|---|---|---|
| 008 | 090401t1994 xxu||||| |||| 00| 0 eng d | ||
| 020 | _a0749412305 | ||
| 035 | _a(Sirsi) u22159 | ||
| 041 | _aeng | ||
| 050 | _a657 | ||
| 100 | _aMcNeill, Philip | ||
| 245 | _aBe your own accountant. | ||
| 260 |
_aLondon _bKogan Page _c1994 |
||
| 300 | _a121p. ; 22cm. | ||
| 350 | _a6.99 | ||
| 490 | _aBusiness Basics | ||
| 520 | _aAimed at small businesses and self-employed, the book explains how to get the best advice at low cost, prepare figures, keep records, deal with the Inland Revenue and VAT, understand National Insurance constributions and claim all allowances due. | ||
| 650 | _aACCOUNTANCY | ||
| 650 | _aSELF-EMPLOYED | ||
| 650 | _aSMALL BUSINESSES | ||
| 690 | _aPROPERTY-PROPERTY FINANCE AND INVESTMENT | ||
| 700 | _aHowarth, Sarah J.P. | ||
| 942 | _n0 | ||
| 948 | _c04/03/1997 | ||
| 999 |
_c88135 _d88135 |
||